| 000 | 01000cam a2200265 a 4500 | ||
|---|---|---|---|
| 001 | 000004884 | ||
| 005 | 20200929151527.0 | ||
| 008 | 920820s1992 cu b 000 0 spa | ||
| 040 |
_aDO-SdBNP _cDLC |
||
| 082 |
_a868.99809 _bR848f |
||
| 100 | 1 |
_aRotker, Susana, _d1954- _914130 |
|
| 245 | 1 | 0 |
_aFundación de una escritura : _blas crónicas de José Martí / _cSusana Rotker ; edición de Clara Hernández. |
| 260 |
_aLa Habana : _bCasa de las Americas, _c1992. |
||
| 300 |
_a290, [3] p. ; _c19 cm. |
||
| 490 | 1 | _aEnsayo | |
| 490 | 1 | _aMedio milenio | |
| 504 | _aIncluye referencias bibliográficas p. [259]-290. | ||
| 600 | 1 | 4 |
_aMARTÍ, JOSÉ, _d1853-1895 _xCRÍTICA E INTERPRETACIÓN _98805 |
| 650 | 4 |
_aModernismo (literatura) _xHistoria y crítica _xAmérica latina _914131 |
|
| 600 | 1 | 4 |
_aMARTÍ , JOSÉ, _d1853-1895 _tESCENAS NORTEAMERICANAS _914132 |
| 700 | 1 |
_aHernández, Clara _eed. _94129 |
|
| 830 | 0 |
_aEnsayo; _pMedio milenio _914133 |
|
| 910 | _aCatalogación por copia / LC | ||
| 049 | _aBNGR | ||
| 999 |
_c4690 _d4690 |
||